| 000 | 00608nam a22001937a 4500 | ||
|---|---|---|---|
| 999 |
_c183615 _d183615 |
||
| 005 | 20220204122526.0 | ||
| 010 | _aENG-130763 | ||
| 020 |
_a978-93-5316-460-7 _c699.00 |
||
| 035 | _aEN-114295 | ||
| 037 | _bDBAD | ||
| 082 | _a517.3 | ||
| 100 | _aKumar, Vinay | ||
| 245 |
_aIntegral Calculus for JEE Main & Advanced: _cVinay Kumar |
||
| 250 | _a3rd Edition | ||
| 260 |
_aChennai _bMcGraw Hill Education Private Limited _c2017 |
||
| 270 |
_a444/1, Sri Ekambara Naicker Industrial Estate, Alapakkam, Porur _bChennai _e600116 |
||
| 300 |
_a656p _c28cm(pbk) |
||
| 942 |
_2ddc _cEN _h517.3 _mVIN |
||